000 00572nam a2200181Ia 4500
003 GCL
008 140319s9999 xx 000 0 ara d
040 _aGCL /
_cGCL
082 0 4 _a819
_bع ح
100 1 _aعبدالامير الاعسم
245 1 0 _aابو حيان التوحيدى فى كتاب المقابسات /
_cعبدالامير الاعسم
300 _a395 ص
490 _a100 قصة
_v0
650 0 4 _aالنثر العربى
650 0 4 _aابوحيان التوحيدى
650 0 4 _aالادب العربى - تاريخ ونقد
942 _2ddc
_cBK
999 _c43968
_d43968